Harrap's French and English business dictionary (Record no. 12623)
[ view plain ]
| 000 -LEADER | |
|---|---|
| fixed length control field | 00511pam a22001934a 4500 |
| 020 ## - INTERNATIONAL STANDARD BOOK NUMBER | |
| ISBN | 0071456643 |
| 040 ## - CATALOGING SOURCE | |
| Transcribing agency | DLC |
| 082 ## - DEWEY DECIMAL CLASSIFICATION NUMBER | |
| Classification number | 650 MCG 2005 A043 Or. |
| 245 00 - TITLE STATEMENT | |
| Title | Harrap's French and English business dictionary |
| 246 30 - VARYING FORM OF TITLE | |
| Title proper/short title | French and English business dictionary |
| 250 ## - EDITION STATEMENT | |
| Edition statement | Fully rev. ed |
| 260 ## - PUBLICATION, DISTRIBUTION, ETC. (IMPRINT) | |
| Place of publication | New York : |
| Name of publisher | McGraw-Hill, |
| Year of publication | c2005 |
| 300 ## - PHYSICAL DESCRIPTION | |
| Number of Pages | xi, 264, 52 p. ; |
| Dimensions | 26 cm |
| 650 #0 - SUBJECT ADDED ENTRY--TOPICAL TERM | |
| Topical Term | Business |
| 650 #0 - SUBJECT ADDED ENTRY--TOPICAL TERM | |
| Topical Term | English language |
| 650 #0 - SUBJECT ADDED ENTRY--TOPICAL TERM | |
| Topical Term | Business |
| 650 #0 - SUBJECT ADDED ENTRY--TOPICAL TERM | |
| Topical Term | French language |
| 942 ## - ADDED ENTRY ELEMENTS (KOHA) | |
| Koha item type | សៀវភៅភាសាអង់គ្លេស |
| 952 ## - LOCATION AND ITEM INFORMATION (KOHA) | |
| Withdrawn status [LOCAL, KOHA] | 0 |
| Permanent Location | Date acquired | Koha item type | Lost status | Shelving location | Barcode | Current Location | Full call number |
|---|---|---|---|---|---|---|---|
| Library Block A | 2017-08-15 | សៀវភៅភាសាអង់គ្លេស | A043 | A16998 | Library Block A | 650 MCG 2005 A043 Or. |